Thomas and Friends - Season 20 Episodes - Statistics

General Stats
  • This quiz has been taken 20 times
  • The average score is 15 of 28
Answer Stats
Episode # Episode Title % Correct
19 Pouty James
100%
23 Cautious Connor
80%
9 Saving Time
80%
24 All in Vain
60%
20 Blown Away
60%
8 Bradford the Brake Van
60%
7 Diesel and the Ducklings
60%
18 Love Me Tender
60%
22 Mucking About
60%
6 Over the Hill
60%
10 Ryan and Daisy
60%
1 Sidney Sings
60%
21 The Way She Does It
60%
12 Three Steam Engines Gruff
60%
25 Buckled Tracks and Bumpy Trucks
40%
13 Engine of the Future
40%
4 Henry Gets the Express
40%
11 Henry in the Dark
40%
14 Hugo and the Airship
40%
2 Letters to Santa
40%
27 Mike's Whistle
40%
16 Skiff and the Mermaid
40%
5 The Christmas Coffeepot
40%
15 The Missing Breakdown Train
40%
17 The Railcar and the Coaches
40%
26 Tit for Tat
40%
3 Toby's New Friend
40%
28 Useful Railway
40%
No matching quizzes found
Score Distribution
Percent of People with Each Score
Percentile by Number Answered
Your Score History
You have not taken this quiz